00345pab a2200121 454500008004000000100002400040245007800064260000900142300001300151362001100164650001400175773003400189180718b2012 xxu||||| |||| 00| 0 eng d aSahasranaman, Anand aPanchayat finances and the need for devolution from the state government. c2012 ap.73-80. a28 Jan aPanchayat aEconomic and Political Weekly